00250nam a2200109Ia 4500003000400000008004100004100001600045245002900061260002400090300000800114650001800122OSt191201s2017 xx 000 0 und d aHOSKIN, Rik 0aKarna Victory in Death  bKalyani Mediac2017 a156 aGeneral Books